000 00377nam a2200157Ia 4500
008 230524s9999 xx 000 0 und d
082 _a4.331
_bTAX
100 _aTax Manni
_910387
245 0 _aInformation Technology Act 2000
250 _a7TH
260 _aNEW DELHI
_bTanprints
_c2000
300 _a56
500 _aQuantity Number: 1
650 _aComp-Sc
942 _cBK
999 _c14339
_d14339